Multiple League Golden Boot Winners - Statistics

General Stats
  • This quiz has been taken 164 times
    34 since last reset
  • The average score is 12 of 14
Answer Stats
Answer % Correct
Cristiano Ronaldo
100%
Edin Dzeko
100%
Robert Lewandowski
100%
Zlatan Ibrahimovic
100%
Luis Suarez
97%
Harry Kane
93%
Karim Benzema
93%
Pierre-Emerick Aubameyang
93%
Ruud van Nistelrooy
93%
Edinson Cavani
90%
Kylian Mbappe
73%
Luca Toni
70%
Christian Vieri
50%
Marcio Amoroso
20%
No matching quizzes found
Score Distribution
Percent of People with Each Score
Percentile by Number Answered
Your Score History
You have not taken this quiz since the last reset